000 00413nam a2200169Ia 4500
005 20250603145441.0
008 250603s9999 xx 000 0 und d
020 _a9781032230962
050 _aQP 144 .G73 .N88/
100 _aEdited by Pudake,Ramesh Namdeo
245 0 _aNutriomics of millet crops
260 _aBoca Raton
260 _bCRC Press
260 _c2024
650 _aBoca Raton
942 _cBK
999 _c41893
_d41893